LEADER 01045cam0-2200325---450- 001 990005685020403321 005 20091118163341.0 035 $a000568502 035 $aFED01000568502 035 $a(Aleph)000568502FED01 035 $a000568502 100 $a19990604e19681868km-y0itay50------ba 101 0 $aita 102 $aIT 105 $ay-------000yy 200 1 $aAlcune lettere familiari de secolo 14.$fpubblicate da Pietro Dazzi 205 $aRist. fotomecc. 210 $aBologna$cCommissione per i testi di lingua$d1968 215 $a72 p.$d19 cm 225 1 $aScelta di curiosità letterarie inedite o rare dal secolo 13. al 19. in appendice alla Collezione di opere inedite o rare$v90 324 $aRistampa fotomeccanica dell'ed.: Bologna, 1868 676 $a856.1 702 1$aDazzi,$bPietro 801 0$aIT$bUNINA$gRICA$2UNIMARC 901 $aBK 912 $a990005685020403321 952 $a850.8 SCL 19$bBibl.43706$fFLFBC 959 $aFLFBC 996 $aAlcune lettere familiari de secolo 14$9602202 997 $aUNINA LEADER 00956nam0-22003131i-450- 001 990008001710403321 005 20110330123950.0 035 $a000800171 035 $aFED01000800171 035 $a(Aleph)000800171FED01 035 $a000800171 100 $a20050209d1984----km-y0itay50------ba 101 0 $aita 102 $aIT 105 $ay-------001yy 200 1 $a<>forme classiche di testamento$esupplemento al corso di Diritto romano del prof. Mario Amelotti$fLivia Migliardi Zingale 210 $aTorino$cGiappichelli$d1984 215 $a38 p.$d24 cm 422 0$1001IT\ICCU\MIL?436$12001 676 $a346.3705$v11$zita 700 1$aMigliardi Zingale,$bLivia$0239735 801 0$aIT$bUNINA$gRICA$2UNIMARC 901 $aBK 912 $a990008001710403321 952 $aDDR-XIV Bb 003.1$b2655 ddr$fDDR$m21-3843 952 $aDDR-XIV Bb 003.2$fDDR 959 $aDDR 996 $aForme classiche di testamento$9749594 997 $aUNINA